000 00254nam a2200097Ia 4500
001 760760
005 20250826165154.0
008 250824s9999 xx 000 0 und d
245 0 _aYENİ BAŞLANGIÇLAR MEVSİMİ
_cDEBBIE MACOMBER
260 _bMARTI YAYINLARI
999 _c760760
_d760760